Sulalat al-salatin ya'ni perteturun segala raja-raja (sejarah Melayu)

Bibliographic Details
Main Author: Tun Seri Lanang
Other Authors: Muhammad Haji Salleh
Format: Book
Published: Kuala Lumpur : Yayasan Karyawan dan Dewan Bahasa dan Pustaka , 1997
Subjects:

MARC

LEADER 00000cam a2200000 7i4500
001 0000015051
005 20250612115034.0
008 080313
020 |a 9839510010 
090 0 0 |a 899.23   |b TUN 
100 0 |a Tun Seri Lanang 
245 1 0 |a Sulalat al-salatin ya'ni perteturun segala raja-raja (sejarah Melayu)   |c Karangan Tun Seri Lanang; dikaji dan diperkenalkan oleh Muhammad Haji Salleh 
260 |a Kuala Lumpur :   |b Yayasan Karyawan dan Dewan Bahasa dan Pustaka ,   |c 1997 
541 |c Donation book   |f DO Mersing 
650 0 |a Malay literature 
650 0 |a Malay literature   |x History and criticism 
700 0 |a Muhammad Haji Salleh, 
999 |a 0000910479   |b Book   |c REFERENCE   |e Cawangan Bandar Tenggara 
999 |a 0000910480   |b Book   |c REFERENCE   |e Cawangan Bandar Tenggara 
999 |a 0000910481   |b Book   |c REFERENCE   |e Cawangan Bandar Tenggara 
999 |a 0001011585   |b Book   |c REFERENCE   |e Perbadanan Perpustakaan Awam Johor 
999 |a 0001011586   |b Book   |c REFERENCE   |e Perbadanan Perpustakaan Awam Johor 
999 |a 0001011587   |b Book   |c REFERENCE   |e Perbadanan Perpustakaan Awam Johor 
999 |a 0001011588   |b Book   |c REFERENCE   |e Perbadanan Perpustakaan Awam Johor 
999 |a 0001816183   |b Book   |c Adult Collection   |e Perbadanan Perpustakaan Awam Johor 
999 |a 0001816184   |b Book   |c Adult Collection   |e Perbadanan Perpustakaan Awam Johor